000 00424nam a2200181Ia 4500
001 1260
005 20260306140619.0
008 260306t1990||||xx |||||||||||||| ||spa||
041 _aESP
082 _a190
_bF39
100 _aFernández, Clemente
_eAUT
245 0 _aLos filósofos del renacimiento
260 _c1990
300 _a629 páginas :
_c19 cm.
650 _aGEN
654 _aCHU
942 _cLIB
_dJUS
_fJUS
_2ddc
_n
999 _c1260
_d1260